Eliminierung nach Kategorie - Länder #4 - Statistiken

Allgemein
  • Dieses Quiz wurde 431 mal gespielt
  • Das Durchschnittsergebnis liegt bei 10 aus 16
Antwortstatistiken
Gruppe # Kategorie % Korrekt
Grün 44 Länder, die in südlicher Richtung an den Atlantik grenzen
97%
Grün 19 ... mit mehr als 20 Obersten Verwaltungseinheiten
94%
Gelb 48 Länder, in denen Fußball nicht die beliebteste Sportart ist
92%
Grün 6 ... mit mindestens 50 Mio. Einwohnern
90%
Rosa 21 Länder, die an mindestens zwei Ozeane grenzen
86%
Gelb 22 ... in denen Rechtsverkehr herrscht
83%
Rosa 11 ... mit einer dreifarbigen Landesflagge (Wappen nicht mitgezählt)
83%
Rosa 5 ... die bei der Fußball-Weltmeisterschaft der Herren das Viertelfinale erreichten
80%
Gelb 7 ... deren Hauptstadt nicht die bevölkerungsreichste Stadt ist
76%
Blau 24 Länder, in denen im Straßenverkehr die 0,0-Promille-Grenze gilt
48%
Gelb 1 ... deren Staatsoberhaupt König Charles III. ist Kanada
35%
Rosa 1 ... deren Hauptstadt auf einer Höhe von mindestens 2500 m liegt Kolumbien
32%
Blau 8 ... die nach 1990 gegründet wurden
29%
Grün 1 ... die OPEC-Mitglied sind Nigeria
26%
Blau 3 ... in denen mindestens 10 Liter Alkohol pro Person pro Jahr getrunken wird
24%
Blau 1 ... die bereits Olympisches Gold im Eishockey holten Tschechien
20%
Keine übereinstimmenden Quizze gefunden
Verteilung der Resultate
Anzahl Personen mit jedem Resultat
Perzentil nach korrekt beantworteten Fragen
Ihre Resultats-Entwicklung
Sie haben dieses Quiz noch nicht gespielt